Managing the challenges in human service organizations: a casebook (Record no. 82573)

MARC details
000 -LEADER
fixed length control field 00916nam a2200205 a 4500
008 - FIXED-LENGTH DATA ELEMENTS--GENERAL INFORMATION
fixed length control field 100121s2009 ||||||||||||||||| || u
020 ## - INTERNATIONAL STANDARD BOOK NUMBER
International Standard Book Number 9781412941273
050 ## - LIBRARY OF CONGRESS CALL NUMBER
Classification number HV 41 Aus
100 ## - MAIN ENTRY--PERSONAL NAME
Personal name Packard, Thomas
245 10 - TITLE STATEMENT
Title Managing the challenges in human service organizations: a casebook
Statement of responsibility, etc. Michael J. Austin, Ralph P. Brody, Thomas Packard
260 ## - PUBLICATION, DISTRIBUTION, ETC.
Place of publication, distribution, etc. London:
Name of publisher, distributor, etc. SAGE Publications
Date of publication, distribution, etc. 2009
300 ## - PHYSICAL DESCRIPTION
Extent xii, 284p.: ill.
350 ## -
-- 0.00
650 #0 - SUBJECT ADDED ENTRY--TOPICAL TERM
Topical term or geographic name entry element MANAGEMENT
650 ## - SUBJECT ADDED ENTRY--TOPICAL TERM
Topical term or geographic name entry element HUMAN SERVICES--MANAGEMENT
700 ## - ADDED ENTRY--PERSONAL NAME
Personal name Brody, Ralph P
700 ## - ADDED ENTRY--PERSONAL NAME
Personal name Austin, Michael J
995 ## -
-- MAIN LIBRARY OPEN ACCESS
-- 0.00
-- 740737
-- CBU-MAIN LIBRARY (Kitwe)
-- 1
-- 0.00
-- HV 41 AUS
-- 1
-- AVAILABLE
-- Feb 18, 2010
-- 740737
-- Main Library Open Access Collection
995 ## -
-- MAIN LIBRARY OPEN ACCESS
-- 0.00
-- 741917
-- CBU-MAIN LIBRARY (Kitwe)
-- 1
-- 0.00
-- HV 41 Aus
-- 2
-- AVAILABLE
-- Dec 21, 2010
-- 741917
-- Main Library Open Access Collection
999 ## -
-- 82573
-- 82573
Holdings
Withdrawn status Lost status Source of classification or shelving scheme Damaged status Not for loan Permanent Location Current Location Shelving location Date acquired Total Checkouts Full call number Barcode Date last seen Copy number Price effective from Koha item type
          CBU-MAIN LIBRARY, KITWE. CBU-MAIN LIBRARY, KITWE.   09/29/2023   HV 41 Aus 740737 09/29/2023 1 09/29/2023 MONOGRAPH
          CBU-MAIN LIBRARY, KITWE. CBU-MAIN LIBRARY, KITWE.   09/29/2023   HV 41 Aus 741917 09/29/2023 2 09/29/2023 MONOGRAPH